Statistics for Premier League champions at FIFA World Cup 2022

Click here to take the quiz!

General Stats

  • This quiz has been taken 22 times
  • The average score is 24 of 36

Answer Stats

CountryTeamSeasonsPlayer% Correct
BelgiumManchester City17/18, 18/19, 20/21, 21/22Kevin De Bruyne
100%
PortugalManchester City17/18, 18/19, 20/21, 21/22Bernardo Silva
89%
GermanyManchester City17/18, 18/19, 20/21, 21/22İlkay Gündoğan
89%
EnglandManchester City17/18, 18/19, 20/21, 21/22Kyle Walker
89%
EnglandManchester City17/18, 18/19, 20/21, 21/22Phil Foden
89%
PortugalManchester City20/21, 21/22Rúben Dias
89%
SenegalLiverpool19/20Sadio Mané
89%
NetherlandsLiverpool19/20Virgil van Dijk
89%
BrazilManchester City17/18, 18/19, 20/21, 21/22Ederson
83%
EnglandManchester City17/18, 18/19, 20/21, 21/22John Stones
83%
SpainManchester City20/21, 21/22Rodri
83%
EnglandLiverpool19/20Trent Alexander-Arnold
83%
BrazilLiverpool19/20Alisson
78%
PortugalManchester United06/07, 07/08, 08/09Christiano Ronaldo
78%
EnglandManchester City21/22Jack Grealish
78%
EnglandLiverpool19/20Jordan Henderson
78%
NetherlandsManchester City20/21, 21/22Nathan Aké
78%
SwitzerlandLiverpool19/20Xherdan Shaqiri
78%
CroatiaLiverpool19/20Dejan Lovren
72%
BelgiumChelsea14/15, 16/17Eden Hazard
67%
BrazilLiverpool19/20Fabinho
67%
BrazilManchester City17/18, 18/19, 20/21, 21/22Gabriel Jesus
61%
PortugalManchester City20/21, 21/22João Cancelo
61%
DenmarkLeicester City15/16Kasper Schmeichel
61%
GermanyManchester City17/18, 18/19Leroy Sané
61%
SpainManchester City17/18, 18/19, 20/21, 21/22Aymeric Laporte
56%
JapanLiverpool19/20Takumi Minamino
56%
SpainChelsea14/15, 16/17César Azpilicueta
50%
ArgentinaManchester City17/18, 18/19Nicolás Otamendi
50%
BelgiumChelsea14/15, 16/17Thibaut Courtois
50%
EnglandManchetser City17/18, 18/19, 20/21, 21/22Raheem Sterling
44%
SpainManchester City20/21Ferran Torres
39%
GhanaLeicester City15/16Daniel Amartey
28%
SpainManchester City20/21Eric García
17%
WalesLiverpool19/20Neco Williams
17%
BelgiumChelsea16/17Michy Batshuayi
11%

Score Distribution

Percentile by Number Answered

Percent of People with Each Score

Your Score History

You have not taken this quiz